| 000 | 01207nam a2200337 a 4500 | ||
|---|---|---|---|
| 001 | 60655978 | ||
| 003 | OCoLC | ||
| 005 | 20170425095147.0 | ||
| 008 | 050616s2005 nyua c 000 1 spa d | ||
| 020 |
_a043967929X : _c$19.95 |
||
| 020 | _a9780439679299 | ||
| 040 |
_aAZT _cAZT _dAZT _dBAKER _dOCLCQ _dSAP _dLNQ _dUtOrBLW |
||
| 041 | 1 |
_aspa _heng |
|
| 100 | 0 |
_aMadonna, _d1958- |
|
| 240 | 1 | 0 |
_aLotsa de Casha. _lSpanish. |
| 245 | 1 | 0 |
_aSeforra Depasta / _cpor Madonna ; ilustrado por Rui Paes. |
| 250 | _a1a. ed. | ||
| 260 |
_aNew York : _bScholastic, Inc. : _bCallaway, _c2005. |
||
| 300 |
_a1 v. (unpaged) : _bcol. ill. ; _c26 cm. |
||
| 500 | _a"Un libro de Callaway." | ||
| 500 | _a"Scholastic en español"--P. [3] of cover. | ||
| 520 | _aA man who has spent his life making money, but who cannot find happiness, learns some valuable lessons from unlikely sources. | ||
| 650 | 0 |
_aHappiness _vJuvenile fiction. |
|
| 650 | 0 |
_aWealth _vJuvenile fiction. |
|
| 650 | 0 |
_aConduct of life _vJuvenile fiction. |
|
| 650 | 7 |
_aFelicidad _vNovela juvenil. _2bidex. |
|
| 650 | 7 |
_aRiqueza _vNovela juvenil. _2bidex. |
|
| 650 | 7 |
_aConducta (©tica) _vNovela juvenil. _2bidex. |
|
| 700 | 1 | _aPaes, Rui. | |
| 942 | _cBK | ||
| 999 |
_c17276 _d17276 |
||